Rosa Genoa (2017/2018) - Statistics

Statistiche generali
  • Questo quiz è stato fatto 34 volte
    32 dall'ultimo reset
  • Il punteggio medio è 9 su 24
Statistiche sulle risposte
NAZIONALITA' GIOCATORE % Corretto
Italia Perin
94%
Italia/Perù Lapadula
90%
Macedonia Pandev
90%
Uruguay Laxalt
52%
Marocco Taarabt
52%
Bosnia-Erzegovina Zukanovic
52%
Italia Lamanna
42%
Ghana Cofie
39%
Bulgaria Galabinov
39%
Portogallo Miguel Veloso/Veloso
35%
Italia Bertolacci
32%
Italia Izzo
32%
Argentina Gentiletti
29%
Serbia Lazovic
29%
Italia Biraschi
26%
Argentina Spolli
26%
Belgio Omeonga
23%
Italia Pellegri
23%
Italia Rigoni
23%
Italia Palladino
16%
Italia Rossettini
16%
Argentina Centurion
10%
Italia Rosi
10%
Italia Salcedo
6%
Nessun quiz corrispondente trovato
Distribuzione punteggi
Percentuale di utenti per punteggio
Percentile per numero di risposta
I tuoi punteggi nel tempo
Non hai fatto questo quiz dall'ultimo reset